<?xml version="1.0" encoding="UTF-8"?>
<record
    xmlns:xsi="http://www.w3.org/2001/XMLSchema-instance"
    xsi:schemaLocation="http://www.loc.gov/MARC21/slim http://www.loc.gov/standards/marcxml/schema/MARC21slim.xsd"
    xmlns="http://www.loc.gov/MARC21/slim">

  <leader>00464nam a22001697a 4500</leader>
  <controlfield tag="005">20170202114718.0</controlfield>
  <controlfield tag="008">170202b        xxu||||| |||| 00| 0 eng d</controlfield>
  <datafield tag="020" ind1=" " ind2=" ">
    <subfield code="a">9781350012387</subfield>
  </datafield>
  <datafield tag="040" ind1=" " ind2=" ">
    <subfield code="c">PK-LaUMT</subfield>
  </datafield>
  <datafield tag="082" ind1=" " ind2=" ">
    <subfield code="a">297.4</subfield>
    <subfield code="b">SUF-</subfield>
  </datafield>
  <datafield tag="245" ind1=" " ind2=" ">
    <subfield code="a">Sufi and salafis in the contemporary age /</subfield>
    <subfield code="c">edited by Lloyd Ridgeon</subfield>
  </datafield>
  <datafield tag="260" ind1=" " ind2=" ">
    <subfield code="a">London :</subfield>
    <subfield code="b">Bloomsbury Academic,</subfield>
    <subfield code="c">2015</subfield>
    <subfield code="c">paperback 2016</subfield>
  </datafield>
  <datafield tag="300" ind1=" " ind2=" ">
    <subfield code="a">301 p.</subfield>
  </datafield>
  <datafield tag="650" ind1=" " ind2=" ">
    <subfield code="a">Sufism</subfield>
  </datafield>
  <datafield tag="650" ind1=" " ind2=" ">
    <subfield code="a">Salafiyah</subfield>
  </datafield>
  <datafield tag="942" ind1=" " ind2=" ">
    <subfield code="c">BK</subfield>
  </datafield>
  <datafield tag="999" ind1=" " ind2=" ">
    <subfield code="c">90722</subfield>
    <subfield code="d">90722</subfield>
  </datafield>
  <datafield tag="952" ind1=" " ind2=" ">
    <subfield code="0">0</subfield>
    <subfield code="1">0</subfield>
    <subfield code="4">0</subfield>
    <subfield code="7">0</subfield>
    <subfield code="a">01</subfield>
    <subfield code="b">01</subfield>
    <subfield code="d">2017-02-02</subfield>
    <subfield code="l">1</subfield>
    <subfield code="o">297.4 SUF-</subfield>
    <subfield code="p">104393</subfield>
    <subfield code="r">2019-11-07 00:00:00</subfield>
    <subfield code="s">2019-11-05</subfield>
    <subfield code="w">2017-02-02</subfield>
    <subfield code="y">BK</subfield>
  </datafield>
</record>
